Digital logic and computer design (Record no. 39312)

MARC details
000 -LEADER
fixed length control field 00283nam a2200109Ia 4500
082 ## - DEWEY DECIMAL CLASSIFICATION NUMBER
Classification number 681.32
Item number MAN
100 ## - MAIN ENTRY--AUTHOR NAME
Personal name Mano, M Morris
245 #0 - TITLE STATEMENT
Title Digital logic and computer design
260 ## - PUBLICATION, DISTRIBUTION, ETC. (IMPRINT)
Place of publication New Delhi
Name of publisher Prentice Hall
Year of publication 1987
942 ## - ADDED ENTRY ELEMENTS (KOHA)
Koha item type Books
Holdings
Withdrawn status Lost status Damaged status Not for loan Home library Current library Date acquired Cost, normal purchase price Full call number Accession Number Koha item type
        RRII Library RRII Library 16/12/2021 65.00 681.32 MAN 19650 Books